Most Populated Cities in Russia by Picture - Statistics

General Stats
  • This quiz has been taken 36 times
  • The average score is 14 of 20
Answer Stats
Picture Answer % Correct
Moscow
100%
St. Petersburg
100%
Kazan
94%
Volgograd
94%
Nizhny Novgorod
88%
Novosibirsk
85%
Rostov-on-Don
79%
Samara
79%
Yekaterinburg
79%
Omsk
73%
Ufa
73%
Chelyabinsk
70%
Perm
70%
Krasnodar
61%
Krasnoyarsk
52%
Voronezh
52%
Saratov
48%
Tolyatti
36%
Tyumen
27%
Barnaul
6%
No matching quizzes found
Score Distribution
Percent of People with Each Score
Percentile by Number Answered
Your Score History
You have not taken this quiz